Statistics for Countries with the Highest Percentage of Buddhists

Click here to take the quiz!

General Stats

  • This quiz has been taken 18 times
  • The average score is 6 of 10

Answer Stats

HintAnswer% Correct
1: 96.80%Cambodia
100%
2: 92.60%Thailand
82%
4: 74.70%Bhutan
65%
6: 64.00%Laos
65%
3: 79.80%Myanmar
65%
8: 33.20%Japan
53%
7: 54.50%Mongolia
53%
5: 68.60%Sri Lanka
53%
9: 32.30%Singapore
47%
10: 21.90%South Korea
41%

Score Distribution

Percentile by Number Answered

Percent of People with Each Score

Your Score History

You have not taken this quiz